Every American Country by Coastline - Statistics

General Stats
  • This quiz has been taken 34 times
  • The average score is 19 of 32
Answer Stats
Km Country % Correct
137,000 Canada
100%
69,500 United States
100%
31,300 Chile
93%
18,700 Brazil
89%
5,910 Argentina
81%
15,600 Mexico
81%
3,560 Colombia
78%
2,650 Peru
78%
5,480 Venezuela
78%
5,750 Cuba
74%
3,380 Panama
70%
2,590 Ecuador
67%
1,470 Haiti
67%
3,780 Bahamas
59%
1,290 Dominican Republic
59%
1,370 Nicaragua
56%
825 Guyana
48%
107 Saint Kitts and Nevis | Saint Lucia
48%
513 Trinidad and Tobago
48%
868 Uruguay
48%
90 Barbados
44%
785 Belize
44%
1,450 Costa Rica
44%
128 Dominica
44%
457 El Salvador
44%
1,510 Honduras
44%
641 Jamaica
44%
608 Suriname
44%
135 Saint Vincent and the Grenadines
41%
178 Antigua and Barbuda
37%
114 Grenada
37%
405 Guatemala
37%
No matching quizzes found
Score Distribution
Percent of People with Each Score
Percentile by Number Answered
Your Score History
You have not taken this quiz